00955nam a2200289 a 4500952014000000999001700140001000800157003000400165005001700169008004100186010001700227020001500244040001300259050002300272082001500295100002200310245007600332260002900408300001300437504005100450650002500501650001900526700001700545700002200562906004500584942003600629 00102ddc40708POLITICAL SCIENCEaMESbMEScPOLd2019-02-20g753.00l0o327 BOY/Pp17262r2019-02-20 00:00:00w2019-02-20yBKzGL10R3 c20033d200331058465OSt20200608141958.0900322s1987 enka b 001 0 eng c a 90134545  a0861876091 aMHcoclc14aJX1391b.P65 1987b a327bBOY/P 92638aBoyd, Gavin00aPolitical change and foreign policies /cGavin Boyd ; Gerald W. Hopple. aLondon :bPinter,c1987. a278 p. : aIncludes bibliographical references and index. 0aPolitical stability. 0aSocial change.1 aBoyd, Gavin.1 aHopple, Gerald W. a7bcbccorignewduencipf19gy-gencatlg 2ddccBKh327iBOY/Pk327mBOY/P